000 00493nam a2200181Ia 4500
005 20250508150755.0
008 008 250505s9999 xx 000 0 hin d
037 _aTextual
040 _aFEDL
_beng
_cFEDL
041 _ahin
_2eng
084 _a294.5, GAU
_qFEDL
100 _aGaur Anand Prasad
_9757605
245 0 _aHindu dharm ki moti baten
260 _aPatna, India
_bAdult Education Board
300 _a68p.
942 _cTEXL
_h294.5, GAU
999 _c1325588
_d1325588